[Event "DEM U10/U10w 2004"]
[Site "Willingen GER"]
[Date "2004.05.30"]
[Round "2"]
[White "Bräuer, Franz"]
[Black "Malici, Nora"]
[Result "1-0"]
[Termination "normal"]
[Board "12"]
[WhiteElo "1357"]
[BlackElo "912"]
[PlyCount "35"]
[WhiteFideId "24634468"]
[EventCountry "GER"]
[EventRounds "11"]
[EventType "swiss"]
[EventDate "2004.05.29"]

1. e4 e5 2. Nf3 d6 3. d4 Be7 4. dxe5 dxe5 5. Qxd8+ Bxd8 6. Nxe5 Nc6 7. Bb5 a6
8. Bxc6+ bxc6 9. Nxc6 Bb7 10. Nxd8 Rxd8 11. Nc3 Ne7 12. O-O O-O 13. Bf4 Rd7 14.
Rad1 Rxd1 15. Rxd1 c5 16. Bd6 Re8 17. Bxe7 Rxe7 18. Rd8+ 1-0

[Event "DEM U10/U10w 2004"]
[Site "Willingen GER"]
[Date "2004.05.30"]
[Round "2"]
[White "Schulz, Anja"]
[Black "Müller, Tobias"]
[Result "1/2-1/2"]
[Termination "normal"]
[Board "13"]
[WhiteElo "1166"]
[BlackElo "1320"]
[PlyCount "95"]
[WhiteFideId "24647845"]
[BlackFideId "24643394"]
[EventCountry "GER"]
[EventRounds "11"]
[EventType "swiss"]
[EventDate "2004.05.29"]

1. e4 c5 2. Nf3 d6 3. d4 cxd4 4. Nxd4 Nf6 5. Nc3 g6 6. Be3 Bg7 7. f3 Nc6 8. Qd2
O-O 9. O-O-O Nxd4 10. Bxd4 Be6 11. Kb1 Qa5 12. g4 Rfc8 13. g5 Nh5 14. Bxg7 Nxg7
15. h3 Rc7 16. Nd5 Qxd2 17. Rxd2 Bxd5 18. Rxd5 Rac8 19. c3 Ne6 20. Rg1 Nf4 21.
Rd2 Rd8 22. Rg4 Ne6 23. f4 Ng7 24. Bd3 d5 25. e5 Rcc8 26. Kc2 a6 27. h4 e6 28.
Kb3 b5 29. a4 Rc7 30. axb5 axb5 31. Kb4 Rb8 32. Rg1 Nf5 33. Bxf5 Rc4+ 34. Kb3
gxf5 35. Rd4 Rbc8 36. h5 Kg7 37. Rgd1 Kf8 38. Rxc4 Rxc4 39. Rd4 Ke7 40. Rxc4
bxc4+ 41. Kb4 Kd7 42. Kb5 Kc7 43. Kc5 Kd7 44. Kb5 Ke8 45. Kc6 Kd8 46. Kd6 Ke8
47. Kc6 Ke7 48. Kc7 1/2-1/2

[Event "DEM U10/U10w 2004"]
[Site "Willingen GER"]
[Date "2004.05.30"]
[Round "2"]
[White "Liptak, Patrick"]
[Black "Orhan, Eda"]
[Result "0-1"]
[Termination "normal"]
[Board "15"]
[WhiteElo "1085"]
[BlackElo "1312"]
[PlyCount "56"]
[BlackFideId "24659258"]
[EventCountry "GER"]
[EventRounds "11"]
[EventType "swiss"]
[EventDate "2004.05.29"]

1. e4 d5 2. exd5 Qxd5 3. Nc3 Qa5 4. d4 c6 5. Nf3 Bf5 6. Bd2 Nf6 7. Be2 e6 8.
Ne4 Qc7 9. Nxf6+ gxf6 10. Bc3 Nd7 11. Qd2 Rg8 12. g3 Bd6 13. O-O-O O-O-O 14.
Bd3 Bg4 15. Qe2 f5 16. h3 Bh5 17. g4 Bg6 18. g5 Bh5 19. h4 Be7 20. Rde1 Qf4+
21. Bd2 Qxf3 22. Qxf3 Bxf3 23. Rh3 Bh5 24. Rhe3 Nb6 25. Ba5 Rxd4 26. Bxb6 axb6
27. c3 Rxh4 28. Bxf5 Bxg5 0-1

[Event "DEM U10/U10w 2004"]
[Site "Willingen GER"]
[Date "2004.05.30"]
[Round "2"]
[White "Schmitt, Katrin"]
[Black "Dötterl, Michael"]
[Result "0-1"]
[Termination "normal"]
[Board "17"]
[WhiteElo "995"]
[BlackElo "1274"]
[PlyCount "94"]
[WhiteFideId "24654400"]
[EventCountry "GER"]
[EventRounds "11"]
[EventType "swiss"]
[EventDate "2004.05.29"]

1. e4 c5 2. Nf3 Nc6 3. d4 cxd4 4. Nxd4 d6 5. Bb5 Bd7 6. O-O Nf6 7. Nc3 e6 8.
Bg5 Be7 9. Re1 h6 10. Bh4 a6 11. Ba4 Qb6 12. Nf3 Rb8 13. Bb3 O-O 14. Qd2 Rbd8
15. Qf4 e5 16. Qd2 Nd4 17. Nxd4 Qxd4 18. Qxd4 exd4 19. Ne2 Rfe8 20. Nxd4 Nh5
21. Bg3 Nxg3 22. hxg3 Bf6 23. c3 Bc6 24. Nxc6 bxc6 25. f4 Re7 26. Ba4 c5 27.
Rad1 g6 28. b4 Bxc3 29. Re3 Bd4 30. Rde1 Bxe3+ 31. Rxe3 cxb4 32. Bc6 d5 33.
Bxd5 Rxd5 34. Kf2 Rd2+ 35. Kf3 h5 36. Rb3 Red7 37. Re3 Rxa2 38. e5 Ra3 39. Ke4
Rxe3+ 40. Kxe3 b3 41. Ke4 b2 42. f5 b1=Q+ 43. Kf4 Qxf5+ 44. Ke3 Qxe5+ 45. Kf2
Rd2+ 46. Kg1 Qxg3 47. Kf1 Qf2# 0-1

[Event "DEM U10/U10w 2004"]
[Site "Willingen GER"]
[Date "2004.05.30"]
[Round "2"]
[White "Dietrich, Christoph"]
[Black "Marquardt, Patrick"]
[Result "0-1"]
[Termination "normal"]
[Board "19"]
[WhiteElo "815"]
[BlackElo "1269"]
[PlyCount "48"]
[BlackFideId "4670086"]
[EventCountry "GER"]
[EventRounds "11"]
[EventType "swiss"]
[EventDate "2004.05.29"]

1. e4 c5 2. Nf3 Nc6 3. d4 cxd4 4. Nxd4 g6 5. Bc4 Bg7 6. Nxc6 bxc6 7. O-O e6 8.
Nc3 d5 9. exd5 cxd5 10. Bb5+ Bd7 11. Bxd7+ Qxd7 12. Bf4 Rc8 13. Qd2 Nf6 14. Bh6
O-O 15. Bxg7 Kxg7 16. Qd4 Rc4 17. Qd3 Rfc8 18. f4 d4 19. Ne2 Rxc2 20. Nxd4 Rxb2
21. g4 Rcc2 22. g5 Rg2+ 23. Kh1 Rxh2+ 24. Kg1 Rbg2# 0-1

[Event "DEM U10/U10w 2004"]
[Site "Willingen GER"]
[Date "2004.05.30"]
[Round "2"]
[White "Wittke, Rene"]
[Black "Döll, Laurin"]
[Result "1/2-1/2"]
[Termination "normal"]
[Board "22"]
[WhiteElo "1523"]
[BlackElo "1171"]
[PlyCount "52"]
[WhiteFideId "24640255"]
[EventCountry "GER"]
[EventRounds "11"]
[EventType "swiss"]
[EventDate "2004.05.29"]

1. e4 e5 2. Nf3 Nc6 3. Bc4 Bc5 4. d3 h6 5. Be3 Bb6 6. Nc3 Nf6 7. h3 d6 8. O-O
Be6 9. Bb3 O-O 10. Qd2 Bxe3 11. fxe3 Qd7 12. Nd5 Bxd5 13. Bxd5 Nxd5 14. exd5
Ne7 15. e4 f5 16. Nh4 fxe4 17. dxe4 c6 18. dxc6 bxc6 19. Rad1 Rad8 20. Qe3 Qc7
21. Nf5 Nxf5 22. exf5 Rf6 23. Qg3 Rdf8 24. Qg4 Qb6+ 25. Kh1 Qxb2 26. Qa4 Qb6
1/2-1/2

[Event "DEM U10/U10w 2004"]
[Site "Willingen GER"]
[Date "2004.05.30"]
[Round "2"]
[White "Rozenfeld, Elisabeth"]
[Black "Riabov, Igor"]
[Result "0-1"]
[Termination "normal"]
[Board "25"]
[WhiteElo "988"]
[BlackElo "1353"]
[PlyCount "116"]
[WhiteFideId "4624742"]
[EventCountry "GER"]
[EventRounds "11"]
[EventType "swiss"]
[EventDate "2004.05.29"]

1. e4 e6 2. d4 d5 3. e5 c5 4. Bb5+ Bd7 5. Bxd7+ Qxd7 6. Nf3 Nc6 7. dxc5 Bxc5 8.
O-O Nge7 9. b3 Nf5 10. Bb2 O-O 11. c4 Rad8 12. Nc3 dxc4 13. bxc4 Bd4 14. Re1
Qc7 15. Nb5 Qb6 16. Qc2 Bxb2 17. Qxb2 a6 18. a4 axb5 19. axb5 Ncd4 20. Rac1
Nxf3+ 21. gxf3 Qc5 22. Kf1 Rd3 23. Qc2 Rfd8 24. Qe2 Rd2 25. Rcd1 Rxd1 26. Rxd1
Rxd1+ 27. Qxd1 Qxc4+ 28. Kg1 g6 29. Qd8+ Kg7 30. Qf6+ Kh6 31. Qxf7 Qc1+ 32. Kg2
Qg5+ 33. Kf1 Qe7 34. Qf6 Qxf6 35. exf6 Nd6 36. b6 Kg5 37. Kg2 Kxf6 38. Kg3 e5
39. f4 Nc4 40. Kf3 Nxb6 41. Ke4 exf4 42. Kxf4 Nc4 43. f3 b5 44. Ke4 Nd6+ 45.
Kd3 h5 46. Kc3 Ke5 47. Kb4 g5 48. h3 Kf4 49. h4 gxh4 50. Kc5 h3 51. Kd4 h2 52.
Kd3 h1=Q 53. Ke2 Qxf3+ 54. Ke1 h4 55. Kd2 h3 56. Ke1 h2 57. Kd2 h1=Q 58. Kc2
Qh2+ 0-1

[Event "DEM U10/U10w 2004"]
[Site "Willingen GER"]
[Date "2004.05.30"]
[Round "2"]
[White "Schmitz, Stefan"]
[Black "Pältz, Sebastian"]
[Result "1-0"]
[Termination "normal"]
[Board "26"]
[WhiteElo "1328"]
[BlackElo "1001"]
[PlyCount "35"]
[WhiteFideId "4625730"]
[BlackFideId "24648027"]
[EventCountry "GER"]
[EventRounds "11"]
[EventType "swiss"]
[EventDate "2004.05.29"]

1. e4 e5 2. Nf3 Nc6 3. Bc4 Nf6 4. d3 Be7 5. Nc3 d6 6. Be3 Bg4 7. h3 Bh5 8. Qe2
O-O 9. g4 Bg6 10. Nh4 Qd7 11. Nxg6 hxg6 12. g5 Nh7 13. h4 Qd8 14. h5 Nxg5 15.
hxg6 Ne6 16. Rh8+ Kxh8 17. Qh5+ Kg8 18. Qh7# 1-0

[Event "DEM U10/U10w 2004"]
[Site "Willingen GER"]
[Date "2004.05.30"]
[Round "2"]
[White "Risius, Philipp"]
[Black "Bialas, Daniel"]
[Result "1-0"]
[Termination "normal"]
[Board "27"]
[WhiteElo "1264"]
[BlackElo "982"]
[PlyCount "115"]
[WhiteFideId "24630330"]
[EventCountry "GER"]
[EventRounds "11"]
[EventType "swiss"]
[EventDate "2004.05.29"]

1. e4 c6 2. d4 d5 3. e5 Bf5 4. Nc3 f6 5. f4 e6 6. Nf3 Bg4 7. Bd3 fxe5 8. fxe5
Bxf3 9. Qxf3 Qh4+ 10. Qf2 Qxf2+ 11. Kxf2 Nd7 12. Rf1 O-O-O 13. Kg1 Be7 14. Bf4
c5 15. dxc5 Bxc5+ 16. Kh1 Ne7 17. Nb5 Nc6 18. Rae1 Rhf8 19. a3 a6 20. Nc3 Bd4
21. Bxh7 Ndxe5 22. Bg5 Rde8 23. Rxf8 Rxf8 24. Bd3 Nxd3 25. cxd3 Rf2 26. Nd1 Rf5
27. h4 Bf6 28. Ne3 Re5 29. Bxf6 gxf6 30. g4 d4 31. Ng2 Rxe1+ 32. Nxe1 Ne5 33.
g5 fxg5 34. hxg5 Kd8 35. Kh2 Ke7 36. Kg3 Kd7 37. Kf4 Kd6 38. Ke4 b6 39. Kxd4 a5
40. Ke4 b5 41. Nf3 Ng6 42. Nd4 b4 43. Ne2 Kc5 44. Nf4 Nxf4 45. Kxf4 Kd6 46. g6
Ke7 47. axb4 axb4 48. Ke5 b3 49. d4 Kf8 50. Kxe6 Kg7 51. d5 Kxg6 52. d6 Kg7 53.
d7 Kh7 54. d8=Q Kh6 55. Kf6 Kh7 56. Qe7+ Kh6 57. Qg7+ Kh5 58. Qg5# 1-0

[Event "DEM U10/U10w 2004"]
[Site "Willingen GER"]
[Date "2004.05.30"]
[Round "2"]
[White "Rutz, Maximilian"]
[Black "Strohmann, Marc"]
[Result "1/2-1/2"]
[Termination "normal"]
[Board "28"]
[WhiteElo "962"]
[BlackElo "1248"]
[PlyCount "151"]
[EventCountry "GER"]
[EventRounds "11"]
[EventType "swiss"]
[EventDate "2004.05.29"]

1. e4 c6 2. d4 d5 3. exd5 cxd5 4. Nc3 Nf6 5. Bd3 Nc6 6. Be3 Bg4 7. f3 Be6 8.
Nge2 g6 9. O-O Bg7 10. Qd2 h5 11. a3 Qc7 12. b4 Nd7 13. Rab1 Qb6 14. Bb5 a6 15.
Bxc6 Qxc6 16. a4 Nb6 17. b5 axb5 18. axb5 Qc7 19. Nf4 Qd7 20. Nxe6 Qxe6 21.
Rfe1 Qd6 22. Bg5 e6 23. Bf4 Qe7 24. Be5 f6 25. Bg3 e5 26. f4 e4 27. Bh4 O-O 28.
Qf2 Qc7 29. Qg3 Kh7 30. Re3 Nc4 31. Re2 Qb6 32. Rd1 f5 33. Nxd5 Bxd4+ 34. Kh1
Qc5 35. Nc3 Bxc3 36. Qxc3 Qxb5 37. Qb3 Qxb3 38. cxb3 Nb6 39. Ree1 Rfe8 40. Re2
Ra3 41. b4 Rb3 42. Rd4 Rc8 43. Kg1 e3 44. h3 Rc1+ 45. Re1 Rxe1+ 46. Bxe1 Na4
47. Rd7+ Kh6 48. Bh4 g5 49. Bxg5+ Kg6 50. Rxb7 Rb1+ 51. Kh2 e2 52. Bh4 e1=Q 53.
Bxe1 Rxe1 54. Kg3 Re4 55. b5 Rb4 56. Kf3 Nc3 57. b6 Nd5 58. g4 Rxf4+ 59. Kg3
fxg4 60. h4 Rf3+ 61. Kg2 Rh3 62. Rd7 Nxb6 63. Rd6+ Kf5 64. Rxb6 Rxh4 65. Kg3
Rh3+ 66. Kg2 h4 67. Rb5+ Ke4 68. Rb4+ Kf5 69. Rb5+ Ke6 70. Rb6+ Kd5 71. Rb4
Rg3+ 72. Kh2 Rc3 73. Rxg4 Rc4 74. Rxc4 Kxc4 75. Kh3 Kd4 76. Kxh4 1/2-1/2

[Event "DEM U10/U10w 2004"]
[Site "Willingen GER"]
[Date "2004.05.30"]
[Round "2"]
[White "Albrecht, Michele"]
[Black "Berchtenbreiter, Maximilian"]
[Result "0-1"]
[Termination "normal"]
[Board "29"]
[WhiteElo "922"]
[BlackElo "1214"]
[PlyCount "30"]
[BlackFideId "24641120"]
[EventCountry "GER"]
[EventRounds "11"]
[EventType "swiss"]
[EventDate "2004.05.29"]

1. e4 c5 2. Nf3 e6 3. Nc3 a6 4. Bc4 b5 5. Be2 Bb7 6. O-O b4 7. Nb1 Bxe4 8. c3
Nc6 9. d3 Bg6 10. a4 Nf6 11. Bg5 Be7 12. Nbd2 d5 13. Nh4 Qc7 14. Nxg6 hxg6 15.
Bg4 Qxh2# 0-1

[Event "DEM U10/U10w 2004"]
[Site "Willingen GER"]
[Date "2004.05.30"]
[Round "2"]
[White "Ohnmacht, Simon"]
[Black "Geise, Maria"]
[Result "1-0"]
[Termination "normal"]
[Board "30"]
[WhiteElo "1208"]
[BlackElo "948"]
[PlyCount "79"]
[WhiteFideId "24672980"]
[EventCountry "GER"]
[EventRounds "11"]
[EventType "swiss"]
[EventDate "2004.05.29"]

1. e4 c5 2. Nc3 Nc6 3. d3 g6 4. f4 Bg7 5. Nf3 Nf6 6. Be3 b6 7. Be2 d6 8. O-O
O-O 9. Qd2 Bg4 10. h3 Bxf3 11. Bxf3 a6 12. a4 Rb8 13. d4 Re8 14. e5 Nd7 15.
Bxc6 Rc8 16. Bxd7 Qxd7 17. Nd5 Qa7 18. exd6 exd6 19. c4 Re4 20. dxc5 dxc5 21.
Qd3 Ree8 22. Rab1 Rcd8 23. b4 Kh8 24. Rf3 Re7 25. f5 Red7 26. f6 Bf8 27. bxc5
bxc5 28. a5 Rb7 29. Rxb7 Qxb7 30. Rf1 Qb2 31. Qd2 Qb3 32. Qc3 Qb7 33. Qe5 Bd6
34. Qg5 Rg8 35. Ne7 Bxe7 36. fxe7 Qe4 37. Qf6+ Rg7 38. Bh6 Qe3+ 39. Kh1 Qe4 40.
e8=R+ 1-0

[Event "DEM U10/U10w 2004"]
[Site "Willingen GER"]
[Date "2004.05.30"]
[Round "2"]
[White "Bluma, Marcel"]
[Black "Schäfer, Daniela"]
[Result "1/2-1/2"]
[Termination "normal"]
[Board "31"]
[WhiteElo "1173"]
[BlackElo "918"]
[PlyCount "102"]
[WhiteFideId "1270526"]
[BlackFideId "4624769"]
[EventCountry "GER"]
[EventRounds "11"]
[EventType "swiss"]
[EventDate "2004.05.29"]

1. e4 d6 2. d4 g6 3. Bc4 Bg7 4. Nf3 Nf6 5. Nc3 O-O 6. Bg5 Bg4 7. h3 Bxf3 8.
Qxf3 c5 9. e5 dxe5 10. dxe5 Ne8 11. Nd5 f6 12. exf6 exf6 13. Bxf6 Nxf6 14. Nc7+
Kh8 15. Nxa8 Re8+ 16. Be2 Nc6 17. O-O Qxa8 18. Bb5 a6 19. Bxc6 bxc6 20. Rfe1
Rxe1+ 21. Rxe1 Qb7 22. Qd3 Ng8 23. b3 Nf6 24. Qd8+ Ng8 25. Re8 Qf7 26. c4 Bd4
27. Rf8 Bxf2+ 28. Kh1 Bh4 29. Rxg8+ Qxg8 30. Qxh4 Kg7 31. Qe7+ Qf7 32. Qxf7+
Kxf7 33. Kg1 Ke6 34. Kf2 Ke5 35. Ke3 h5 36. a3 a5 37. h4 Kf5 38. Kf3 Ke5 39. g4
Kf6 40. Kf4 hxg4 41. Kxg4 Kg7 42. Kg5 Kf7 43. a4 Kg7 44. Kf4 Kh6 45. Kg4 Kh7
46. h5 Kh6 47. hxg6 Kxg6 48. Kf4 Kf6 49. Ke4 Ke6 50. Kf4 Kf6 51. Ke4 Ke6
1/2-1/2

[Event "DEM U10/U10w 2004"]
[Site "Willingen GER"]
[Date "2004.05.30"]
[Round "2"]
[White "Lebek, Ricarda"]
[Black "Rosenkranz, Christian"]
[Result "1-0"]
[Termination "normal"]
[Board "32"]
[WhiteElo "914"]
[BlackElo "1152"]
[PlyCount "55"]
[WhiteFideId "4624688"]
[BlackFideId "24674494"]
[EventCountry "GER"]
[EventRounds "11"]
[EventType "swiss"]
[EventDate "2004.05.29"]

1. e4 e5 2. Nf3 Nc6 3. d4 exd4 4. Nxd4 Nxd4 5. Qxd4 d6 6. Nc3 Nf6 7. Bc4 Be7 8.
Be3 O-O 9. O-O-O Be6 10. f3 b6 11. Bb5 Bd7 12. g4 a6 13. Bxd7 Nxd7 14. h4 Bf6
15. Qd2 Bxc3 16. Qxc3 Rc8 17. h5 f6 18. Qd2 Re8 19. g5 Re6 20. g6 h6 21. Bxh6
gxh6 22. Qxh6 Re7 23. Rdg1 Qf8 24. Qf4 Rce8 25. h6 Rd8 26. g7 Qe8 27. h7+ Kf7
28. g8=Q+ 1-0

[Event "DEM U10/U10w 2004"]
[Site "Willingen GER"]
[Date "2004.05.30"]
[Round "2"]
[White "Bashylin, Seva"]
[Black "Blankenstein, Julius"]
[Result "1-0"]
[Termination "normal"]
[Board "34"]
[WhiteElo "1143"]
[BlackElo "786"]
[PlyCount "133"]
[WhiteFideId "24688045"]
[EventCountry "GER"]
[EventRounds "11"]
[EventType "swiss"]
[EventDate "2004.05.29"]

1. d4 Nf6 2. Nf3 g6 3. Bf4 Nc6 4. h3 d6 5. e3 Nd5 6. Bh2 Bg7 7. c4 Nf6 8. Be2
O-O 9. O-O Bd7 10. Nc3 e6 11. Nd2 Rc8 12. h4 h5 13. Bf3 b6 14. Nb3 Re8 15. c5
Bf8 16. cxb6 cxb6 17. Rc1 Ne7 18. Bxd6 Nf5 19. Bxf8 Rxf8 20. g3 Nd6 21. e4 Nh7
22. e5 Nc4 23. Bb7 Rc7 24. Qe2 Qb8 25. Be4 f5 26. exf6 Nxf6 27. Bxg6 Qb7 28.
Rc2 Qc6 29. Bxh5 Bc8 30. Bf3 Qd7 31. a4 Bb7 32. Bxb7 Rxb7 33. Qxc4 Rc8 34. Qd3
Rbc7 35. Qg6+ Kf8 36. Qxf6+ Ke8 37. Re2 Rc6 38. Re5 Rd6 39. Rh5 Qf7 40. Qh8+
Kd7 41. Rh7 Rxh8 42. Rxf7+ Ke8 43. Rxa7 Rf8 44. Ra8+ Ke7 45. Rxf8 Kxf8 46. Ne4
Rc6 47. h5 Rc7 48. g4 Rg7 49. g5 Rg8 50. Rc1 Ke7 51. Rc7+ Kd8 52. Ra7 Re8 53.
Ra8+ Kd7 54. Rxe8 Kxe8 55. g6 Kf8 56. h6 Kg8 57. g7 Kh7 58. Nf6+ Kg6 59. g8=Q+
Kxf6 60. h7 Kf5 61. h8=Q Ke4 62. Qxe6+ Kd3 63. Qe3+ Kc2 64. Qc3+ Kb1 65. Qc1+
Ka2 66. Qg8 b5 67. Na5# 1-0

[Event "DEM U10/U10w 2004"]
[Site "Willingen GER"]
[Date "2004.05.30"]
[Round "2"]
[White "Düssler, Stefanie"]
[Black "Schätz, Annika"]
[Result "0-1"]
[Termination "normal"]
[Board "35"]
[WhiteElo "903"]
[BlackElo "1139"]
[PlyCount "88"]
[WhiteFideId "4634780"]
[BlackFideId "24674796"]
[EventCountry "GER"]
[EventRounds "11"]
[EventType "swiss"]
[EventDate "2004.05.29"]

1. e4 c5 2. Nf3 d6 3. d4 cxd4 4. Nxd4 Nf6 5. Nc3 g6 6. Be3 Bg7 7. f3 O-O 8. Kf2
Nc6 9. Qd2 d5 10. h4 dxe4 11. Nxe4 Nxe4+ 12. fxe4 Nxd4 13. Rd1 Nc6 14. Qe1 Qc7
15. Rd3 Be5 16. Ke2 Bg4+ 17. Kd2 Qa5+ 18. c3 Qxa2 19. Qc1 Rad8 20. Bh6 Rxd3+
21. Bxd3 a5 22. Rg1 Qe6 23. Kc2 a4 24. Bxf8 Qb3+ 25. Kb1 Kxf8 26. Bc2 Qb5 27.
Qh6+ Kg8 28. Kc1 a3 29. bxa3 Bxc3 30. Bb3 Qxb3 31. Qd2 Bxd2+ 32. Kxd2 Qxa3 33.
h5 Qb2+ 34. Kd3 Ne5+ 35. Ke3 Qe2+ 36. Kf4 Qf2+ 37. Kxe5 Qxg1 38. Kd5 e6+ 39.
Kd6 Qd4+ 40. Kc7 Qxe4 41. hxg6 Qc6+ 42. Kb8 fxg6 43. g3 b5 44. Ka7 e5 0-1

[Event "DEM U10/U10w 2004"]
[Site "Willingen GER"]
[Date "2004.05.30"]
[Round "2"]
[White "Korman, Jewgenija"]
[Black "Falke, Johannes"]
[Result "1-0"]
[Termination "normal"]
[Board "36"]
[WhiteElo "1136"]
[BlackElo "761"]
[PlyCount "51"]
[WhiteFideId "24606669"]
[EventCountry "GER"]
[EventRounds "11"]
[EventType "swiss"]
[EventDate "2004.05.29"]

1. e4 e5 2. Nf3 Nc6 3. Bc4 Nf6 4. Ng5 d5 5. Bxd5 Nxd5 6. exd5 Qxg5 7. dxc6 Qxg2
8. Rf1 Qe4+ 9. Qe2 Qxe2+ 10. Kxe2 bxc6 11. Nc3 Bd6 12. Rg1 O-O 13. Ne4 f5 14.
Nc3 e4 15. d3 Bxh2 16. Rg2 Be5 17. Bd2 f4 18. f3 exf3+ 19. Kxf3 Bxc3 20. Bxc3
c5 21. Rxg7+ Kh8 22. Rxc7+ Kg8 23. Rg7+ Kh8 24. Rxa7+ Kg8 25. Rg1+ Bg4+ 26.
Rxg4# 1-0

[Event "DEM U10/U10w 2004"]
[Site "Willingen GER"]
[Date "2004.05.30"]
[Round "2"]
[White "Prymak, Anna"]
[Black "Große, Christian"]
[Result "0-1"]
[Termination "normal"]
[Board "38"]
[WhiteElo "774"]
[BlackElo "1119"]
[PlyCount "84"]
[BlackFideId "24646156"]
[EventCountry "GER"]
[EventRounds "11"]
[EventType "swiss"]
[EventDate "2004.05.29"]

1. Nf3 d5 2. Nc3 Nf6 3. d3 c5 4. e4 dxe4 5. dxe4 Qxd1+ 6. Kxd1 Nc6 7. Bb5 Bd7
8. Bf4 O-O-O 9. e5 Ng4 10. Re1 Bf5+ 11. Kc1 Nb4 12. Rf1 Nxc2 13. Rb1 Nd4 14. h3
Nxf3 15. gxf3 Bxb1 16. Kxb1 Nh6 17. Rg1 Nf5 18. Rd1 Rxd1+ 19. Nxd1 Nd4 20. Nc3
Nxf3 21. Na4 e6 22. h4 a6 23. Be8 f6 24. exf6 gxf6 25. Nb6+ Kd8 26. Ba4 e5 27.
Bg3 Kc7 28. Nd5+ Kd6 29. Nxf6 Be7 30. Ne4+ Kd5 31. Nc3+ Kc4 32. Bb3+ Kd3 33.
Bc2+ Kd2 34. Ne4+ Ke1 35. Kc1 Rg8 36. Bxe5 Nxe5 37. Nc3 Bxh4 38. Bxh7 Rg1 39.
f4 Nc4 40. f5 Bg5+ 41. Kb1 Kd2+ 42. Nd1 Rxd1# 0-1

[Event "DEM U10/U10w 2004"]
[Site "Willingen GER"]
[Date "2004.05.31"]
[Round "3"]
[White "Wang, Zhangxian"]
[Black "Bräuer, Franz"]
[Result "0-1"]
[Termination "normal"]
[Board "1"]
[WhiteElo "1598"]
[BlackElo "1357"]
[PlyCount "144"]
[BlackFideId "24634468"]
[EventCountry "GER"]
[EventRounds "11"]
[EventType "swiss"]
[EventDate "2004.05.29"]

1. e4 e5 2. Nf3 Nc6 3. d4 exd4 4. Nxd4 Nf6 5. Nc3 Bb4 6. Nxc6 bxc6 7. Bd3 d5 8.
exd5 cxd5 9. O-O O-O 10. Bg5 c6 11. Ne2 h6 12. Bh4 Rb8 13. Nd4 Bd7 14. c3 Be7
15. Rb1 Re8 16. h3 Ne4 17. Bxe4 Bxh4 18. Bf5 Bxf5 19. Nxf5 Bf6 20. Nd4 Bxd4 21.
cxd4 Qa5 22. a3 Re6 23. Qd3 Qb5 24. Qxb5 Rxb5 25. b4 Re4 26. Rfd1 a5 27. bxa5
Rxd4 28. Rxd4 Rxb1+ 29. Kh2 Rb7 30. a6 Ra7 31. Ra4 Kf8 32. Kg3 Ke7 33. f4 Kd6
34. Kf3 Kc5 35. f5 Kb5 36. Rb4+ Kxa6 37. f6 g6 38. g4 c5 39. Rb8 Rb7 40. Ra8+
Kb6 41. Rf8 c4 42. Ke3 Kc6 43. a4 Kd6 44. Rd8+ Ke6 45. Kd4 Ra7 46. Rxd5 Rxa4
47. Rb5 Kxf6 48. Rb2 Kg5 49. Rf2 Ra3 50. Kxc4 Rxh3 51. Rxf7 Kxg4 52. Kd4 g5 53.
Ke4 Rh1 54. Ke3 h5 55. Kf2 h4 56. Kg2 Rh3 57. Rg7 Rg3+ 58. Kh2 Kf4 59. Rf7+ Ke5
60. Re7+ Kf6 61. Ra7 Re3 62. Ra6+ Re6 63. Ra5 Kg6 64. Kh3 Re3+ 65. Kg2 g4 66.
Ra6+ Kf5 67. Ra5+ Re5 68. Ra2 Kf4 69. Ra8 h3+ 70. Kh2 Re2+ 71. Kh1 Rf2 72. Ra4+
Kg3 0-1

[Event "DEM U10/U10w 2004"]
[Site "Willingen GER"]
[Date "2004.05.31"]
[Round "3"]
[White "Ma, Beini"]
[Black "Zimmermann, Gordon"]
[Result "1-0"]
[Termination "normal"]
[Board "2"]
[WhiteElo "1312"]
[BlackElo "1562"]
[PlyCount "73"]
[WhiteFideId "24630101"]
[BlackFideId "24624330"]
[EventCountry "GER"]
[EventRounds "11"]
[EventType "swiss"]
[EventDate "2004.05.29"]

1. c4 Nf6 2. Nc3 g6 3. g3 Bg7 4. Bg2 O-O 5. e3 c6 6. d4 d5 7. b3 Bg4 8. Qc2 Na6
9. Ba3 Re8 10. c5 Qa5 11. Qb2 Nd7 12. b4 Qc7 13. Nge2 e5 14. O-O exd4 15. Nxd4
Ne5 16. Qd2 Nc4 17. Qc1 Bh6 18. Re1 Qe5 19. b5 cxb5 20. Bxd5 Nxa3 21. Bxb7 Nxc5
22. Bxa8 Nd3 23. Qxa3 Nxe1 24. Bh1 Nd3 25. Nd5 Bf5 26. Qc3 b4 27. Qc6 Kg7 28.
f4 Qb8 29. Nxf5+ Kf8 30. Nxh6 Qd8 31. Qf6 Qxf6 32. Nxf6 Rxe3 33. Nhg4 Re6 34.
Bd5 Rd6 35. Nxh7+ Kg7 36. Nhf6 Nc5 37. Ne8+ 1-0

[Event "DEM U10/U10w 2004"]
[Site "Willingen GER"]
[Date "2004.05.31"]
[Round "3"]
[White "Kotainy, Jens"]
[Black "Lindner, Robert"]
[Result "1/2-1/2"]
[Termination "normal"]
[Board "4"]
[WhiteElo "1492"]
[BlackElo "1274"]
[PlyCount "131"]
[WhiteFideId "24670499"]
[BlackFideId "24658847"]
[EventCountry "GER"]
[EventRounds "11"]
[EventType "swiss"]
[EventDate "2004.05.29"]

1. e4 e6 2. f4 d5 3. e5 c5 4. Nf3 Nc6 5. c3 Bd7 6. Bd3 Qb6 7. Bc2 Rc8 8. O-O
Nge7 9. Kh1 Ng6 10. d3 Be7 11. Na3 O-O 12. c4 a6 13. b3 d4 14. Bd2 f6 15. exf6
Bxf6 16. Qe2 e5 17. Qe4 exf4 18. Qd5+ Rf7 19. Ng5 Bxg5 20. Qxg5 f3 21. Rxf3
Rxf3 22. gxf3 Rf8 23. f4 Rf5 24. Qg3 Qc7 25. Rf1 Nce5 26. Kg1 Nc6 27. Bd1 Rf6
28. Kh1 Nge5 29. Be2 Rg6 30. Qf2 Bh3 31. Rg1 Ng4 32. Bxg4 Rxg4 33. Rxg4 Bxg4
34. Qe1 Ne7 35. Kg2 Qc6+ 36. Qe4 Bf5 37. Qxc6 Nxc6 38. Nc2 Bxd3 39. Ne1 Bb1 40.
a3 Kf7 41. b4 b6 42. Nf3 Bd3 43. b5 axb5 44. cxb5 Bxb5 45. Ng5+ Kg6 46. Ne6 Ne7
47. Kf3 d3 48. Ke4 c4 49. Nf8+ Kh6 50. f5+ Kh5 51. Nxh7 Kg4 52. f6 gxf6 53.
Nxf6+ Kh3 54. Kd4 Kxh2 55. Nd5 Nxd5 56. Kxd5 Kg2 57. Kd4 Kf2 58. Kc3 Ke2 59.
Bh6 Ba6 60. Bd2 b5 61. Bh6 Kf3 62. Bg5 Ke4 63. Bc1 Kd5 64. Be3 Kc6 65. Bd2 Kb6
66. Kb4 1/2-1/2

[Event "DEM U10/U10w 2004"]
[Site "Willingen GER"]
[Date "2004.05.31"]
[Round "3"]
[White "Orhan, Eda"]
[Black "Kaphle, Sebastian"]
[Result "0-1"]
[Termination "normal"]
[Board "5"]
[WhiteElo "1312"]
[BlackElo "1454"]
[PlyCount "136"]
[WhiteFideId "24659258"]
[BlackFideId "24626708"]
[EventCountry "GER"]
[EventRounds "11"]
[EventType "swiss"]
[EventDate "2004.05.29"]

1. e4 d6 2. d4 Nf6 3. Nc3 g6 4. Be3 Bg7 5. f3 Nc6 6. Bc4 O-O 7. Qd2 e5 8. d5
Ne7 9. Nge2 Ne8 10. O-O-O a6 11. Bb3 f5 12. Bg5 f4 13. Rdf1 h6 14. Bh4 Bf6 15.
Bxf6 Nxf6 16. g3 g5 17. gxf4 gxf4 18. Kb1 Kh7 19. Rfg1 Bh3 20. Nc1 Rg8 21. Qf2
Ng6 22. Nd3 Rg7 23. Qe2 Qe7 24. Nf2 Bd7 25. Qc4 c6 26. dxc6 Bxc6 27. Qe6 Bd7
28. Qxe7 Rxe7 29. Rd1 Nh4 30. Rxd6 Ne8 31. Rd3 Nf6 32. Rhd1 Rc8 33. Rd6 Rc6 34.
Rxc6 Bxc6 35. Rd3 Nd7 36. Bd5 Nc5 37. Rd1 Nxf3 38. h3 Nd4 39. Ng4 Nd7 40. Nxe5
Nxe5 41. Rxd4 f3 42. Bxc6 f2 43. Rd1 bxc6 44. Rf1 Rg7 45. Ne2 Rg2 46. Kc1 Nc4
47. b3 Ne3 48. Rxf2 Rxf2 49. Kd2 Ng2 50. e5 Nf4 51. Ke3 Rxe2+ 52. Kxf4 Kg6 53.
h4 Kf7 54. Kf5 Rf2+ 55. Ke4 Ke6 56. Kd3 Kxe5 57. a4 Kd5 58. c4+ Ke5 59. Kc3 c5
60. b4 Rf3+ 61. Kb2 cxb4 62. h5 Kd4 63. c5 Kxc5 64. a5 Kc4 65. Ka2 Rf2+ 66. Kb1
Kc3 67. Ka1 Kb3 68. Kb1 Rf1# 0-1